01827nac a22003251u 4500010001700000020002100017020002100038035002300059082002000082090001500102100003400117245009600151260008000247300002600327500015100353500002400504504006400528505025200592511002600844650005600870651004500926651004900971651004301020856008101063856010601144856009101250942002201341999001501363952012301378 a 2005283717 a9948007050 (hbk) a9948007042 (pbk) a(OCoLC)ocm5871910700a355.033053bGUL c8788d8788 a20080729 04aThe Gulf :bchallenges of the future /cEmirates Center for Strategic Studies and Research. aAbu Dhabi :bEmirates Center for Strategic Studies and Research,2005c2005. axiv, 517 p. ;c24 cm. a"9th Annual Conference of the Emirates Center for Strategic Studies and Research held from January 11-13, 2004 in Abu Dhabi, United Arab Emirates. adistributer: Baccah aIncludes bibliographical references (p. 459-499) and index.0 aSection 1. Security and state sovereignty -- 2. The international system and the Gulf -- 3. Global developments and the Gulf -- 4. Iran and Gulf security -- 5. Iraq and Gulf stability -- 6. Prospects for the Gulf -- 7. Social change in the Gulf. acatalogued by: wessam 0aNational securityzPersian Gulf StatesvCongresses. 0aPersian Gulf StatesxEconomic conditions 0aPersian Gulf StatesxPolitics and government 0aPersian Gulf StatesxForeign relations413Table of contents onlyuhttp://www.loc.gov/catdir/toc/fy0601/2005283717.html413Contributor biographical informationuhttp://www.loc.gov/catdir/enhancements/fy0627/2005283717-b.html413Publisher descriptionuhttp://www.loc.gov/catdir/enhancements/fy0627/2005283717-d.html cBBk355.033053GUL c8788d8788 00104070aMAINbMAINc1STd2008-03-24ePurchasel4m1o355.033053GULp000010387r2025-07-15 00:00:00s2014-03-30yBB